| Tag |
First Indicator |
Second Indicator |
Subfields |
| LEADER |
00000cam a2200000Ia 4500 |
| 001 |
in00001600544 |
| 005 |
20151022170928.0 |
| 008 |
010109s2000 fr ab b i000 0 eng d |
| 035 |
|
|
|a (OCoLC)ocm45687499
|
| 040 |
|
|
|a NTE
|c NTE
|d TXA
|d UtOrBLW
|
| 043 |
|
|
|a e-hu---
|
| 049 |
|
|
|a TXAM
|
| 090 |
|
|
|a TD171.5.H86
|b O74 2000
|
| 245 |
0 |
0 |
|a Environmental performance reviews.
|p Hungary.
|
| 246 |
3 |
0 |
|a Hungary
|
| 264 |
|
1 |
|a Paris, France :
|b OECD,
|c [2000]
|
| 264 |
|
4 |
|c ©2000
|
| 300 |
|
|
|a 198 pages :
|b color illustrations, color map ;
|c 23 cm.
|
| 336 |
|
|
|a text
|b txt
|2 rdacontent
|
| 337 |
|
|
|a unmediated
|b n
|2 rdamedia
|
| 338 |
|
|
|a volume
|b nc
|2 rdacarrier
|
| 500 |
|
|
|a "Country reviews"--Cover.
|
| 504 |
|
|
|a Includes bibliographical references.
|
| 650 |
|
0 |
|a Environmental policy
|z Hungary.
|
| 650 |
|
0 |
|a Environmental protection
|z Hungary.
|
| 710 |
2 |
|
|a Organisation for Economic Co-operation and Development.
|
| 994 |
|
|
|a E0
|b TXA
|
| 948 |
|
|
|a cataloged
|b h
|c 2001/2/23
|d c
|e blrosas
|f 10:41:30 am
|
| 999 |
|
|
|a MARS
|
| 999 |
f |
f |
|s 14804e38-4261-33ff-8aff-0ba9a06d1a97
|i baa5794d-6bf7-30d4-aae2-07782dfe443c
|t 0
|
| 952 |
f |
f |
|p ric
|a Texas A&M University
|b Rellis Campus
|c Joint Library Facility
|d Remote Storage
|t 0
|e TD171.5.H86 O74 2000
|h Library of Congress classification
|i unmediated -- volume
|m A14827380541
|
| 998 |
f |
f |
|a TD171.5.H86 O74 2000
|t 0
|l Remote Storage
|